000 00687nam a2200205 i 4500
001 73233
003 ES-MaACL
005 20231219062533.0
007 t|
008 040922s2003 fr ||||1| spa d
080 _a008.2
100 1 _aAbellán, José Luis,
_d1933-2023
_9176509
245 1 4 _aLos fines de siglo
_b: una perspectiva para el siglo XXI /
_cJosé Luis Abellán.
260 _a[Paris] :
_bPresses Sorbonne Nouvelle,
_c[2003]
300 _aP. [31]-38 ;
_c21 cm.
595 _aSeparata de: Les fins de siècles en Espagne / sous la direction de J.R. Aymes, S. Salaün.
650 1 4 _aCivilización futura.
_911094
852 _aES-MaACL
_j2180-F-27
999 _c73233
_d73233